000 00578nam a2200229Ia 4500
003 OSt
005 20221005123517.0
006 a|||||r|||| 00| 0
007 ta
008 221004b |||||||| |||| 00| 0 eng d
024 _a58005
037 _cTextual
040 _aCRL
_cCRL
_beng
041 _2eng
_aeng
082 _aV2:21wM26, D5.1-.2
100 _aLyall Alfred
245 0 _aLife of the Marquis of Dufferin and Ava
260 _c1905
650 _aHISTORY
942 _hV2:21wM26, D5.1-.2
_cTEXL
_2cc
999 _c1047638
_d1047638